[Event "ROM-ch"]
[Site "Eforie Nord"]
[Date "2024.02.26"]
[Round "3"]
[White "Antonica, Dragos Andrei"]
[Black "Negrean, Andrei"]
[Result "0-1"]
[WhiteElo "2366"]
[BlackElo "2040"]
[PlyCount "46"]
[EventDate "2024.02.24"]
[EventType "swiss"]
[EventRounds "9"]
[EventCountry "ROU"]
[SourceTitle "CBM 219 Extra"]
[Source "ChessBase"]
[SourceDate "2024.05.31"]
[SourceVersion "1"]
[SourceVersionDate "2024.05.31"]
[SourceQuality "1"]

1. c4 Nf6 2. Nc3 c5 3. g3 e6 4. e4 Nc6 5. Bg2 d5 6. cxd5 exd5 7. exd5 Nb4 8. d3 c4 9. dxc4 Bf5 10. Nf3 Nc2+ 11. Kd2 Nxa1 12. Re1+ Be7 13. Nd4 Bg6 14. Qa4+ Kf8 15. b4 a5 16. c5 Nd7 17. d6 Bf6 18. Ncb5 axb4 19. Qxb4 Rxa2+ 20. Bb2 Nc2 21. Nxc2 Rxb2 22. Nc7 Rxb4 23. Nxb4 Nxc5 0-1

[Event "ROM-chT"]
[Site "Eforie Nord"]
[Date "2023.09.21"]
[Round "1.6"]
[White "Dumitrache, Dragos Nicolae"]
[Black "Antonica, Dragos Andrei"]
[Result "0-1"]
[WhiteElo "2233"]
[BlackElo "2352"]
[PlyCount "96"]
[EventDate "2023.09.21"]
[EventType "team-tourn"]
[EventRounds "9"]
[EventCountry "ROU"]
[SourceTitle "CBM 216 Extra"]
[Source "ChessBase"]
[SourceDate "2023.11.30"]
[SourceVersion "1"]
[SourceVersionDate "2023.11.30"]
[SourceQuality "1"]
[WhiteTeam "Ineu ACB"]
[BlackTeam "Galati Smart"]
[WhiteTeamCountry "ROU"]
[BlackTeamCountry "ROU"]

1. c4 Nf6 2. d4 e6 3. Nc3 Bb4 4. e3 b6 5. Bd3 Bb7 6. Nf3 Bxc3+ 7. bxc3 d6 8. 0-0 0-0 9. Qc2 Bxf3 10. gxf3 c5 11. f4 Nc6 12. d5 Ne7 13. e4 Ng6 14. Qd1 Qd7 15. Qf3 Rae8 16. a4 exd5 17. cxd5 Qe7 18. c4 Nxe4 19. f5 Nh4 20. Qg4 h5 21. Qxh5 g6 22. fxg6 fxg6 23. Qg4 Nxf2 24. Rxf2 Rxf2 25. Bg5 Nf3+ 26. Kxf2 Nxg5 27. Kg2 Qe3 28. Bxg6 Qd2+ 29. Kg1 Re2 30. Rf1 Qd4+ 31. Qxd4 cxd4 32. h4 Nh3+ 33. Kh1 Kg7 34. Bf5 Nf2+ 35. Kg2 Nd3+ 36. Kf3 Re3+ 37. Kg4 Ne5+ 38. Kg5 Rg3+ 39. Kf4 Rg2 40. Rd1 Rf2+ 41. Ke4 d3 42. h5 Rh2 43. Bg6 d2 44. Kd4 Rh4+ 45. Be4 a5 46. Rb1 Kh6 47. Ke3 Nxc4+ 48. Kd3 d1Q+ 0-1

[Event "Titled Tuesday intern op 25th Jul Late"]
[Site "Chess.com INT"]
[Date "2023.07.25"]
[Round "2"]
[White "Antonica, Dragos Andrei"]
[Black "Gavarrete, Nahun"]
[Result "1-0"]
[WhiteElo "2321"]
[BlackElo "2303"]
[PlyCount "83"]
[EventDate "2023.07.25"]
[EventType "swiss (blitz)"]
[EventRounds "11"]
[EventCountry "USA"]
[SourceTitle "EXT 2024"]
[Source "ChessBase"]
[SourceDate "2023.10.10"]
[SourceVersion "1"]
[SourceVersionDate "2023.10.10"]
[SourceQuality "1"]

1. b3 e5 2. Bb2 Nc6 3. c4 Nf6 4. e3 d5 5. cxd5 Nxd5 6. a3 Bd6 7. Qc2 0-0 8. Nf3 f5 9. d3 Be6 10. Nbd2 Kh8 11. Be2 Qe7 12. b4 Bg8 13. b5 Na5 14. Nc4 Nxc4 15. dxc4 Nb6 16. c5 Bxc5 17. Bxe5 Bxa3 18. 0-0 Bd6 19. Bd4 Nd5 20. Qb2 f4 21. e4 Nb4 22. Rfc1 c5 23. e5 cxd4 24. exd6 Qxd6 25. Nxd4 Rfd8 26. Nf5 Qf8 27. Nxg7 Qxg7 28. Qxb4 Bd5 29. f3 Rd7 30. Qxf4 Rf8 31. Qg3 Qd4+ 32. Qf2 Qe5 33. Bf1 Rg7 34. Re1 Qf6 35. Ra3 b6 36. Kh1 Qg5 37. Rae3 Bb7 38. Re5 Qg6 39. Re7 Rfg8 40. Qd4 Bxf3 41. Rxg7 Rxg7 42. gxf3 1-0

[Event "Titled Tuesday intern op 25th Jul Late"]
[Site "Chess.com INT"]
[Date "2023.07.25"]
[Round "3"]
[White "Topalov, Aleksandar"]
[Black "Antonica, Dragos Andrei"]
[Result "0-1"]
[WhiteElo "2233"]
[BlackElo "2321"]
[PlyCount "54"]
[EventDate "2023.07.25"]
[EventType "swiss (blitz)"]
[EventRounds "11"]
[EventCountry "USA"]
[SourceTitle "EXT 2024"]
[Source "ChessBase"]
[SourceDate "2023.10.10"]
[SourceVersion "1"]
[SourceVersionDate "2023.10.10"]
[SourceQuality "1"]

1. b3 e5 2. Bb2 Nc6 3. c4 Nf6 4. e3 d5 5. cxd5 Nxd5 6. a3 Bd6 7. Qc2 0-0 8. Nf3 Kh8 9. d3 f5 10. Nbd2 Qe7 11. g3 f4 12. gxf4 exf4 13. e4 Ne3 14. Qc3 Nxf1 15. Rxf1 Re8 16. Rg1 Ne5 17. Nxe5 Bxe5 18. d4 Bf6 19. 0-0-0 c5 20. Qxc5 Qf7 21. Kb1 Bd7 22. e5 Bh4 23. d5 Rac8 24. Qd4 Bf5+ 25. Ka2 Rc2 26. e6 Qf6 27. Ne4 Bxe4 0-1

[Event "Brasov GP RO"]
[Site "Brasov"]
[Date "2023.07.22"]
[Round "9"]
[White "Obada, Ema"]
[Black "Antonica, Dragos Andrei"]
[Result "0-1"]
[WhiteElo "2042"]
[BlackElo "2321"]
[PlyCount "84"]
[EventDate "2023.07.16"]
[EventType "swiss"]
[EventRounds "9"]
[EventCountry "ROU"]
[SourceTitle "CBM 215 Extra"]
[Source "ChessBase"]
[SourceDate "2023.09.30"]
[SourceVersion "1"]
[SourceVersionDate "2023.09.30"]
[SourceQuality "1"]

1. e4 e6 2. d4 d5 3. Nd2 c5 4. Ngf3 cxd4 5. Nxd4 Nc6 6. Bb5 Bd7 7. Nxc6 bxc6 8. Bd3 Qc7 9. Qe2 Ne7 10. Nf3 Ng6 11. e5 f6 12. Bxg6+ hxg6 13. 0-0 g5 14. h3 Kf7 15. c4 Be7 16. Bd2 Qb7 17. b4 Rh7 18. c5 Rah8 19. Nh2 Rh4 20. f4 gxf4 21. Rab1 a5 22. a3 axb4 23. axb4 Ra8 24. Nf3 Rhh8 25. Bxf4 Qa6 26. Qf2 f5 27. Nd4 Rhb8 28. Rfc1 Qa3 29. Rb3 Qa2 30. Rc2 Qa4 31. Rcb2 Ra7 32. Nxf5 exf5 33. e6+ Bxe6 34. Bxb8 Rb7 35. Be5 d4 36. Rg3 g6 37. Qxd4 Rd7 38. Qc3 Qa1+ 39. Kh2 Rd1 40. Rd3 Rh1+ 41. Kg3 Qg1 42. Qd4 Rxh3+ 0-1

[Event "Brasov GP RO"]
[Site "Brasov"]
[Date "2023.07.19"]
[Round "6"]
[White "Antonica, Dragos Andrei"]
[Black "Gales, Randi Ioan"]
[Result "1/2-1/2"]
[WhiteElo "2321"]
[BlackElo "2019"]
[PlyCount "119"]
[EventDate "2023.07.16"]
[EventType "swiss"]
[EventRounds "9"]
[EventCountry "ROU"]
[SourceTitle "CBM 215 Extra"]
[Source "ChessBase"]
[SourceDate "2023.09.30"]
[SourceVersion "1"]
[SourceVersionDate "2023.09.30"]
[SourceQuality "1"]

1. d4 Nf6 2. Nf3 g6 3. Nbd2 d5 4. e3 Bg7 5. b4 0-0 6. Bb2 c6 7. c4 a5 8. b5 Ne4 9. a4 Bg4 10. Qb3 Bxf3 11. Nxf3 e6 12. Bd3 Nd7 13. 0-0 Ng5 14. Nxg5 Qxg5 15. Ba3 Rfd8 16. bxc6 bxc6 17. cxd5 cxd5 18. Bd6 Bf8 19. Bc7 Rdc8 20. Rac1 Qe7 21. Qb7 Nf6 22. Rc6 Rcb8 23. Qxb8 Rxb8 24. Bxb8 Qb7 25. Be5 Qxc6 26. Bb5 Qc2 27. Bxf6 Bd6 28. Bd8 Bb4 29. Bf6 Kf8 30. Be5 Ke7 31. Bg3 Qd2 32. h3 Bd6 33. Bxd6+ Kxd6 34. Rb1 Qc2 35. Re1 f6 36. f4 h6 37. Re2 Qb1+ 38. Kf2 g5 39. fxg5 hxg5 40. Rd2 Qc1 41. Re2 e5 42. dxe5+ fxe5 43. Re1 Qd2+ 44. Re2 Qc3 45. Re1 d4 46. exd4 exd4 47. Rd1 Qc2+ 48. Ke1 Kc5 49. Rd2 Qc1+ 50. Rd1 Qf4 51. Rd3 Kd5 52. Ke2 Qc1 53. Kf2 Ke4 54. Rf3 Qd2+ 55. Kf1 Kd5 56. Rf5+ Kd6 57. Rf3 Kc5 58. Rd3 Qf4+ 59. Rf3 Qe4 60. Kf2 1/2-1/2

[Event "Brasov GP RO"]
[Site "Brasov"]
[Date "2023.07.17"]
[Round "3"]
[White "Biro, Sandor"]
[Black "Antonica, Dragos Andrei"]
[Result "0-1"]
[WhiteElo "2093"]
[BlackElo "2321"]
[PlyCount "48"]
[EventDate "2023.07.16"]
[EventType "swiss"]
[EventRounds "9"]
[EventCountry "ROU"]
[SourceTitle "CBM 215 Extra"]
[Source "ChessBase"]
[SourceDate "2023.09.30"]
[SourceVersion "1"]
[SourceVersionDate "2023.09.30"]
[SourceQuality "1"]

1. e4 e6 2. Nf3 d5 3. Nc3 Nf6 4. e5 Nfd7 5. d4 c5 6. dxc5 Nc6 7. Bf4 Be7 8. h4 Nxc5 9. Bd3 a6 10. a3 Bd7 11. b4 Nxd3+ 12. cxd3 0-0 13. d4 f6 14. exf6 Bxf6 15. Bd6 Rf7 16. Qd3 Be8 17. Bg3 Re7 18. Be5 Bxe5 19. Nxe5 Nxe5 20. dxe5 Rc8 21. Rh3 Rec7 22. Qd2 Rc4 23. f4 d4 24. Ne2 Rc2 0-1

[Event "Titled Tuesday intern op 27th Jun Late"]
[Site "Chess.com INT"]
[Date "2023.06.27"]
[Round "2"]
[White "Antonica, Dragos Andrei"]
[Black "Nihal, Sarin"]
[Result "0-1"]
[WhiteElo "2321"]
[BlackElo "2681"]
[PlyCount "66"]
[EventDate "2023.06.27"]
[EventType "swiss (blitz)"]
[EventRounds "11"]
[EventCountry "USA"]
[SourceTitle "EXT 2024"]
[Source "ChessBase"]
[SourceDate "2023.10.10"]
[SourceVersion "1"]
[SourceVersionDate "2023.10.10"]
[SourceQuality "1"]

1. d4 Nf6 2. Nf3 c5 3. e3 d5 4. dxc5 e6 5. Nbd2 Bxc5 6. Bd3 0-0 7. 0-0 Nc6 8. c3 h6 9. b4 Bd6 10. Bb2 b6 11. a3 a5 12. b5 Ne5 13. Nxe5 Bxe5 14. Nf3 Bd6 15. c4 Bb7 16. cxd5 Bxd5 17. Qe2 Ne4 18. Rfd1 Qe7 19. Nd4 Rac8 20. Nc6 Qh4 21. g3 Qh3 22. f3 Ng5 23. e4 Bxc6 24. bxc6 Rxc6 25. e5 Bc5+ 26. Kh1 Qh5 27. Rf1 Rd8 28. Rad1 Rcc8 29. Kg2 Qh3+ 30. Kh1 Nh7 31. Qe4 Nf8 32. Ba6 Ng6 33. Bxc8 Rd2 0-1

[Event "Titled Tuesday intern op 02nd May Late"]
[Site "Chess.com INT"]
[Date "2023.05.02"]
[Round "5"]
[White "Antonica, Dragos Andrei"]
[Black "Baskakov, Egor"]
[Result "0-1"]
[WhiteElo "2321"]
[BlackElo "2215"]
[PlyCount "118"]
[EventDate "2023.05.02"]
[EventType "swiss (blitz)"]
[EventRounds "11"]
[EventCountry "USA"]
[SourceTitle "EXT 2024"]
[Source "ChessBase"]
[SourceDate "2023.10.10"]
[SourceVersion "1"]
[SourceVersionDate "2023.10.10"]
[SourceQuality "1"]

1. d4 Nf6 2. c4 e6 3. Nf3 d5 4. g3 Ne4 5. Nbd2 Be7 6. Bg2 f5 7. 0-0 0-0 8. Ne5 c6 9. Ndf3 Nd7 10. b3 Nxe5 11. Nxe5 Bd7 12. a4 Be8 13. Ba3 Bxa3 14. Rxa3 Qe7 15. Ra1 Nf6 16. c5 Nd7 17. Nxd7 Qxd7 18. f4 b6 19. b4 bxc5 20. bxc5 Rb8 21. Rb1 Bf7 22. Qd3 Qc7 23. Qa6 Rfd8 24. h4 h6 25. Bf3 g6 26. e3 Be8 27. Be2 Kf8 28. Kf2 Ke7 29. Qd3 Kd7 30. Qc3 Ke7 31. Rh1 Kf6 32. h5 g5 33. fxg5+ Kxg5 34. Rbg1 Kf6 35. g4 f4 36. Rf1 Kg7 37. exf4 Qxf4+ 38. Kg2 Qg5 39. Rf2 Rd7 40. Qg3 Rb2 41. Rhf1 Rf7 42. Rxf7+ Bxf7 43. Rf2 Bg8 44. Qf3 Kh8 45. Kh3 e5 46. dxe5 Qxe5 47. Bd3 Rb3 48. Re2 Qd4 49. Re3 Rb7 50. Kh4 Rf7 51. Qg3 Qf6+ 52. Kh3 d4 53. Re8 Kg7 54. Bf5 Re7 55. Rd8 Re3 56. Rd7+ Bf7 57. Bg6 Rxg3+ 58. Kxg3 Qe5+ 59. Kh4 Qh2# 0-1

[Event "Titled Tuesday intern op 02nd May Late"]
[Site "Chess.com INT"]
[Date "2023.05.02"]
[Round "2"]
[White "Antonica, Dragos Andrei"]
[Black "Bortnyk, Olexandr"]
[Result "1/2-1/2"]
[WhiteElo "2321"]
[BlackElo "2605"]
[PlyCount "211"]
[EventDate "2023.05.02"]
[EventType "swiss (blitz)"]
[EventRounds "11"]
[EventCountry "USA"]
[SourceTitle "EXT 2024"]
[Source "ChessBase"]
[SourceDate "2023.10.10"]
[SourceVersion "1"]
[SourceVersionDate "2023.10.10"]
[SourceQuality "1"]

1. b3 e5 2. Bb2 Nc6 3. c4 Nf6 4. e3 d5 5. cxd5 Nxd5 6. a3 Be6 7. Qc2 a6 8. Nf3 Bd6 9. d3 0-0 10. Nbd2 Qe7 11. Be2 Rad8 12. 0-0 Qf6 13. Ne4 Qg6 14. Kh1 Nf6 15. Nxd6 cxd6 16. Rac1 Rc8 17. Qd1 Qh6 18. b4 Ne7 19. Qd2 Ng4 20. Kg1 f5 21. h3 Nf6 22. Rxc8 Bxc8 23. Rc1 g5 24. e4 fxe4 25. dxe4 Nxe4 26. Qe3 Bf5 27. Rc7 Rf7 28. Bc4 d5 29. Rxe7 dxc4 30. Rxf7 Kxf7 31. Nxe5+ Kg8 32. Qd4 Qf6 33. Qxc4+ Qe6 34. Qc7 h5 35. Ng4 Qd7 36. Nh6+ Kh7 37. Qxd7+ Bxd7 38. Nf7 Be6 39. Nd8 Bd5 40. f3 Nd2 41. Bc1 Nc4 42. Bxg5 Nxa3 43. Kf2 Kg6 44. Be7 Nc2 45. h4 b6 46. g4 a5 47. bxa5 bxa5 48. Kg3 Nd4 49. Bc5 Nxf3 50. gxh5+ Kxh5 51. Ne6 a4 52. Nf4+ Kh6 53. Nxd5 Nxh4 54. Kxh4 Kg6 55. Nc3 Kf5 56. Nxa4 Ke5 57. Kg4 Kd5 58. Kf3 Kc4 59. Bf8 Kb5 60. Nc5 Kc6 61. Ke4 Kc7 62. Ke5 Kc6 63. Ke6 Kc7 64. Kd5 Kb6 65. Bd6 Kb5 66. Ne4 Kb6 67. Kc4 Kb7 68. Bc5 Kc8 69. Kd5 Kc7 70. Bd6+ Kb7 71. Nc5+ Kb6 72. Nd7+ Kb7 73. Bc5 Kc7 74. Ke6 Kb7 75. Kd6 Kc8 76. Kc6 Kd8 77. Bd6 Kc8 78. Ne5 Kd8 79. Kd5 Kc8 80. Nc4 Kb7 81. Kc5 Kc8 82. Kc6 Kd8 83. Nb6 Ke8 84. Kd5 Kf7 85. Ke5 Kg6 86. Ke6 Kg5 87. Nd5 Kg4 88. Ke5 Kf3 89. Kd4 Ke2 90. Nc3+ Kf2 91. Kd3 Kf3 92. Ne2 Kf2 93. Be5 Kf3 94. Nd4+ Kg2 95. Ke3 Kh1 96. Kf3 Kg1 97. Ne2+ Kh1 98. Ng3+ Kg1 99. Bd4+ Kh2 100. Kf2 Kh3 101. Kf3 Kh2 102. Be3 Kh3 103. Bg1 Kh4 104. Ne4 Kh3 105. Nf2+ Kh4 106. Kf4 1/2-1/2

[Event "Bucharest Grand Prix"]
[Site "Bucharest"]
[Date "2023.04.30"]
[Round "9"]
[White "Iordachescu, Viorel"]
[Black "Antonica, Dragos Andrei"]
[Result "1-0"]
[WhiteElo "2584"]
[BlackElo "2373"]
[PlyCount "89"]
[EventDate "2023.04.29"]
[EventType "swiss (rapid)"]
[EventRounds "10"]
[EventCountry "ROU"]
[SourceTitle "CBM 213 Extra"]
[Source "ChessBase"]
[SourceDate "2023.05.31"]
[SourceVersion "1"]
[SourceVersionDate "2023.05.31"]
[SourceQuality "1"]

1. c4 e6 2. g3 Nf6 3. Bg2 d5 4. Nf3 dxc4 5. 0-0 a6 6. a4 Nc6 7. b3 cxb3 8. Qxb3 Bd6 9. d4 0-0 10. Bb2 Nd7 11. Rd1 Qe7 12. Nc3 Na5 13. Qa2 Nb6 14. Rac1 Bd7 15. e4 Nbc4 16. Ba1 b5 17. Ne2 Ba3 18. Rb1 b4 19. Nd2 Nxd2 20. Qxd2 Bxa4 21. Re1 Nc4 22. Qd3 Bb5 23. Qd1 Rab8 24. Nf4 f6 25. Bh3 Rb6 26. d5 e5 27. Ne6 Rf7 28. f4 a5 29. Qh5 g6 30. Qd1 a4 31. f5 g5 32. Bg4 b3 33. Bc3 Bb4 34. Bxb4 Qxb4 35. Bh5 Re7 36. h4 Qd2 37. Qf3 h6 38. Rbd1 Qc2 39. Bg6 Be8 40. Qh5 Qc3 41. Kh2 Qc2+ 42. Kh3 Rbxe6 43. dxe6 Bxg6 44. Qxg6+ Rg7 45. Rd8# 1-0

[Event "Bucharest Grand Prix"]
[Site "Bucharest"]
[Date "2023.04.30"]
[Round "7"]
[White "Nanu, Ciprian Costica"]
[Black "Antonica, Dragos Andrei"]
[Result "1-0"]
[WhiteElo "2524"]
[BlackElo "2373"]
[PlyCount "86"]
[EventDate "2023.04.29"]
[EventType "swiss (rapid)"]
[EventRounds "10"]
[EventCountry "ROU"]
[SourceTitle "CBM 213 Extra"]
[Source "ChessBase"]
[SourceDate "2023.05.31"]
[SourceVersion "1"]
[SourceVersionDate "2023.05.31"]
[SourceQuality "1"]

1. Nf3 Nf6 2. c4 d6 3. Nc3 Nbd7 4. d4 e5 5. g3 Be7 6. Bg2 0-0 7. 0-0 a5 8. b3 exd4 9. Nxd4 Nc5 10. h3 Re8 11. e4 Bf8 12. Qc2 Bd7 13. Be3 c6 14. Rad1 Qc7 15. Rfe1 g6 16. f4 Bg7 17. Bf2 Rad8 18. Nf3 b6 19. Nd4 Na6 20. Qd2 h5 21. Nf3 Bc8 22. Ng5 Nc5 23. Bd4 Ne6 24. Nxe6 Bxe6 25. Qf2 c5 26. Nb5 Qe7 27. Ba1 Rf8 28. Rd3 Ne8 29. Bxg7 Nxg7 30. Red1 Bd7 31. Nxd6 Bc6 32. f5 Qe5 33. Nxf7 Rxd3 34. Nxe5 Rxd1+ 35. Kh2 Be8 36. Qe2 Rd6 37. g4 hxg4 38. hxg4 gxf5 39. exf5 Rh6+ 40. Kg1 Kh8 41. Qe3 Rh7 42. Ng6+ Bxg6 43. fxg6 Re8 1-0

[Event "Titled Tuesday intern op 25th Apr Early"]
[Site "Chess.com INT"]
[Date "2023.04.25"]
[Round "1"]
[White "Blanco Diez, David"]
[Black "Antonica, Dragos Andrei"]
[Result "0-1"]
[WhiteElo "2323"]
[BlackElo "2373"]
[PlyCount "120"]
[EventDate "2023.04.25"]
[EventType "swiss (blitz)"]
[EventRounds "11"]
[EventCountry "USA"]
[SourceTitle "EXT 2024"]
[Source "ChessBase"]
[SourceDate "2023.10.10"]
[SourceVersion "1"]
[SourceVersionDate "2023.10.10"]
[SourceQuality "1"]

1. e4 c5 2. Nf3 d6 3. d4 cxd4 4. Nxd4 Nf6 5. Nc3 Nc6 6. Bg5 e6 7. Qd2 Bd7 8. Ndb5 Qa5 9. Bxf6 gxf6 10. Nxd6+ Bxd6 11. Qxd6 Rd8 12. 0-0-0 Bc8 13. Qf4 Rxd1+ 14. Kxd1 Ke7 15. Be2 Rd8+ 16. Kc1 Nd4 17. Bd3 e5 18. Qh6 Be6 19. a3 Rc8 20. Qd2 Qb6 21. f4 Qd6 22. f5 Bc4 23. Kb1 Bxd3 24. Qxd3 Rc5 25. Rd1 Ra5 26. Nd5+ Ke8 27. c3 Nb3 28. Ne3 Qc7 29. Ka2 Nc5 30. Qc4 Ra4 31. Qd5 Rxe4 32. b4 Rxe3 33. bxc5 Rxc3 34. Qd6 Qxd6 35. cxd6 Kd7 36. Rd2 Rc6 37. Rb2 b6 38. Kb3 Rxd6 39. Rc2 Rc6 40. Rd2+ Kc7 41. g3 Rd6 42. Rc2+ Kd7 43. Rb2 Rd4 44. Rc2 a5 45. a4 Rb4+ 46. Ka3 Kd6 47. Rd2+ Rd4 48. Rb2 Kc5 49. Rc2+ Rc4 50. Rd2 e4 51. Rd7 e3 52. Re7 Kd4 53. Kb3 Rb4+ 54. Kc2 Rxa4 55. Rxf7 Ra2+ 56. Kb3 Rxh2 57. Rd7+ Ke4 58. Re7+ Kf3 59. Kc4 e2 60. Kd3 Kxg3 0-1

[Event "ROM-ch"]
[Site "Sebes"]
[Date "2023.02.21"]
[Round "3"]
[White "Voiteanu, Christian Gabriel"]
[Black "Antonica, Dragos Andrei"]
[Result "1/2-1/2"]
[WhiteElo "2130"]
[BlackElo "2366"]
[PlyCount "113"]
[EventDate "2023.02.19"]
[EventType "swiss"]
[EventRounds "9"]
[EventCountry "ROU"]
[SourceTitle "CBM 212 Extra"]
[Source "ChessBase"]
[SourceDate "2023.03.31"]
[SourceVersion "1"]
[SourceVersionDate "2023.03.31"]
[SourceQuality "1"]

1. d4 d5 2. Nf3 e6 3. c4 a6 4. cxd5 exd5 5. Nc3 c6 6. Bg5 Be7 7. Bxe7 Nxe7 8. e3 Bf5 9. Nh4 Bg6 10. g3 Nd7 11. Bg2 Nf6 12. Nxg6 hxg6 13. h4 Nf5 14. Rc1 Nd6 15. Qb3 0-0 16. 0-0 Qd7 17. Na4 Qf5 18. Qc2 Qh5 19. Qd1 Qh6 20. Nc5 Rfe8 21. Qf3 Nfe4 22. Qg4 Nf6 23. Qf3 Re7 24. Nd3 Nfe4 25. Qf4 g5 26. hxg5 Nxg5 27. Qh4 Qxh4 28. gxh4 Nge4 29. Nf4 Nf6 30. h5 Kh7 31. Bf3 Nf5 32. Kh2 Ne4 33. Be2 Kh6 34. Bd3 Nh4 35. Kh3 Nf3 36. Kg2 Nfg5 37. Rh1 Rae8 38. Rcg1 Nf6 39. Kf1 b6 40. Rg2 c5 41. Rhg1 Nf3 42. Rg6+ fxg6 43. Rxg6+ Kh7 44. Rxf6+ Kg8 45. Rxb6 cxd4 46. h6 gxh6 47. Nxd5 Re6 48. Rb7 dxe3 49. fxe3 Ne5 50. Bh7+ Kh8 51. Bf5 Rd6 52. Nf4 Rf8 53. e4 Ng6 54. Nh5 Nh4 55. Rh7+ Kg8 56. Rg7+ Kh8 57. Rh7+ 1/2-1/2

[Event "Titled Tuesday intern op 31st Jan Early"]
[Site "Chess.com INT"]
[Date "2023.01.31"]
[Round "7"]
[White "Antonica, Dragos Andrei"]
[Black "Cherniaiev, Tykhon"]
[Result "0-1"]
[WhiteElo "2366"]
[BlackElo "2330"]
[PlyCount "78"]
[EventDate "2023.01.31"]
[EventType "swiss (blitz)"]
[EventRounds "11"]
[EventCountry "USA"]
[SourceTitle "CBM 212 Extra"]
[Source "ChessBase"]
[SourceDate "2023.03.31"]
[SourceVersion "1"]
[SourceVersionDate "2023.03.31"]
[SourceQuality "1"]

1. d4 Nf6 2. c4 e6 3. Nc3 d5 4. Bg5 Be7 5. e3 0-0 6. Nf3 c5 7. cxd5 exd5 8. Bd3 Nc6 9. dxc5 Bxc5 10. 0-0 Be6 11. Ne2 h6 12. Bh4 Bg4 13. Rc1 Bb6 14. Bg3 Re8 15. Qa4 Ne4 16. Rfd1 Qf6 17. Nf4 Rad8 18. Nxd5 Rxd5 19. Bxe4 Ra5 20. Qc2 Rxa2 21. Rd2 Ba5 22. Re2 Nb4 23. Qb1 Bb6 24. h3 Bh5 25. Rd2 Qe7 26. Bd5 Ra5 27. e4 Nxd5 28. exd5 Bg6 29. d6 Qd7 30. Rcc2 Rc5 31. Ne5 Rcxe5 32. Bxe5 Rxe5 33. Qc1 Bxc2 34. Qxc2 Re1+ 35. Kh2 Re6 36. Qd3 Rxd6 37. Qxd6 Bc7 38. Qxc7 Qxc7+ 39. g3 Qc1 0-1